Our partnership (Record no. 416144)

000 -LEADER
fixed length control field 00441cam a22001457a 4500
008 - FIXED-LENGTH DATA ELEMENTS--GENERAL INFORMATION
fixed length control field 180718b1948 xxu||||| |||| 00| 0 eng d
082 ## - DEWEY DECIMAL CLASSIFICATION NUMBER
Classification number A99 W381p
100 ## - MAIN ENTRY--PERSONAL NAME
Personal name Webb, Beatrice
245 ## - TITLE STATEMENT
Title Our partnership
Statement of responsibility, etc. by Beatrice Webb; edited by Barbara Drake and Margaret I. Cole
260 ## - PUBLICATION, DISTRIBUTION, ETC.
Place of publication, distribution, etc. London
Name of publisher, distributor, etc. Longmans
Date of publication, distribution, etc. 1948
300 ## - PHYSICAL DESCRIPTION
Extent xiii, 543p
650 ## - SUBJECT ADDED ENTRY--TOPICAL TERM
Topical term or geographic name entry element Webb, Sidney, 1859-1947.
700 ## - ADDED ENTRY--PERSONAL NAME
Personal name Cole, Margaret I. ed
700 ## - ADDED ENTRY--PERSONAL NAME
Personal name Drake, Barbara, ed
Holdings
Withdrawn status Lost status Damaged status Not for loan Permanent Location Current Location Date acquired Full call number Barcode Date last seen Price effective from Koha item type
        Indian Institute of Public Administration Indian Institute of Public Administration 2009-03-12 A99 W381p 14709 2018-07-21 2018-07-21 Book

Powered by Koha